000 00587nem a2200169 i 4500
001 185786
003 ES-MaACL
005 20230906222522.0
007 aj
008 160810q1850 gere | |0| ||deu d
245 0 0 _aPlan von Berlin :
_bmit 120 Ansichten der Hauptgebäude [
_hMaterial cartográfico] /
_cgez. u. lith. in der Lith. Anstalt von Hermann Delius.
260 _aBerlin :
_bC. Grobe,
_c[ca. 1850]
300 _a1 mapa pleg. ;
_c72 x 52 cm., pleg. en 14 x 10 cm.
651 4 _aBerlín-
_vPlanos.
_9160432
700 1 _aDelius, Hermann.
_9160433
852 _aES-MaACL
_jG-13401
999 _c185786
_d185786